[Event "ESP-chT 1st Division 2020"]
[Site "Padron"]
[Date "2020.10.08"]
[Round "6.13"]
[White "Salgado Lopez, Ivan"]
[Black "Pap, Misa"]
[Result "1/2-1/2"]
[WhiteElo "2595"]
[BlackElo "2447"]
[Annotator "TA"]
[PlyCount "60"]
[EventDate "2020.10.01"]
[EventType "team-tourn"]
[EventCountry "ESP"]
[SourceTitle "playchess.com"]
[Source "ChessBase"]
[SourceQuality "1"]

{[%evp 12,60,12,6,19,18,43,5,10,8,31,30,18,12,0,1,25,21,42,33,60,58,59,57,72,45,56,63,58,44,38,39,50,35,32,24,21,12,9,0,5,0,0,0,8,0,7,0,0,0,6]} 1. Nf3 c5 2. b3 Nf6 3. Bb2 d5 4. e3 e6 5. d4 cxd4 6. exd4 Nc6 7. Bd3 Nb4 {Recently 7...g6 got a lot of attention. D05: Colle System with ...e6.} 8. Be2 Qc7 {[#]} 9. Na3 $146 (9. c4 {seems wilder.} Be7 10. O-O O-O 11. Nc3 Nc6 12. Re1) ({Predecessor:} 9. c4 b6 10. Nc3 a6 11. Rc1 dxc4 12. bxc4 Bb7 13. a3 Nc6 14. d5 Nd8 15. Na4 {1-0 (24) Lerch,P (2318)-Moritz,H (2074) Germany 2019}) 9... a6 10. O-O Be7 11. c3 Nc6 12. c4 O-O 13. Nc2 b6 14. Ne3 Rd8 15. Rc1 Qb7 16. Ne5 Bd7 17. Bf3 {[%cal Rc4d5]} Be8 18. Re1 Rac8 19. a3 Bf8 20. cxd5 Nxd5 21. Nxd5 exd5 22. Nd3 Ne7 23. Nf4 Rxc1 24. Bxc1 {The position is equal.} Bc6 25. Bg4 Ng6 26. Nxg6 hxg6 27. a4 Re8 28. Rxe8 Bxe8 29. Bf3 Bd7 30. Bd2 Bf5 {Accuracy: White = 90%, Black = 95%.} 1/2-1/2

[Event "ESP-chT 1st Division 2020"]
[Site "Padron"]
[Date "2020.10.08"]
[Round "6.14"]
[White "Pile, Richard"]
[Black "Brunello, Sabino"]
[Result "1/2-1/2"]
[WhiteElo "2450"]
[BlackElo "2539"]
[Annotator "TA"]
[PlyCount "49"]
[EventDate "2020.10.01"]
[EventType "team-tourn"]
[EventCountry "ESP"]
[SourceTitle "playchess.com"]
[Source "ChessBase"]
[SourceQuality "1"]

{[%evp 9,49,21,27,0,6,0,0,-2,0,-2,-7,-16,-15,-16,0,-25,-12,-16,-7,-40,-39,-31,0,0,16,12,37,36,26,22,16,16,24,22,18,-45,22,0,22,-34,20,0]} 1. Nf3 d5 2. g3 c6 3. Bg2 Bf5 4. O-O e6 5. d3 h6 6. Nc3 {A07: Réti Opening: New York and Capablanca Systems.} Nf6 7. Qe1 Bh7 8. e4 Be7 9. Qe2 O-O 10. h3 {[#]} b5 $146 {[%cal Bb7b5,Bb5b4][%mdl 32]} ({Predecessor:} 10... Re8 11. Kh1 c5 12. Ne5 d4 13. Nd1 Nbd7 14. Nxd7 Qxd7 15. f4 Rac8 16. g4 Qc7 {½-½ (29) Kengis,E (2555)-Schulz,K (2415) Eupen 1993}) 11. a3 a5 12. g4 Na6 13. Ne5 Qc7 14. exd5 exd5 15. f4 b4 16. Na4 Bd6 17. Be3 $36 {[%mdl 2048] White fights for an advantage.} c5 18. Qf2 Rae8 19. axb4 axb4 20. b3 Re6 21. Rae1 Rfe8 22. Kh1 (22. Bc1 $11) 22... R6e7 (22... Bxe5 $15 23. fxe5 Qxe5) 23. Kg1 Re6 24. Kh1 ({White should play} 24. Bd2 $11) 24... R6e7 (24... Bxe5 $15 25. fxe5 Qxe5) 25. Kg1 {Accuracy: White = 74%, Black = 76%.} 1/2-1/2

[Event "ESP-chT 1st Division 2020"]
[Site "Padron"]
[Date "2020.10.08"]
[Round "6.15"]
[White "Larino Nieto, David"]
[Black "Hernando Rodrigo, Julio Antonio"]
[Result "0-1"]
[WhiteElo "2477"]
[BlackElo "2266"]
[Annotator "TA"]
[PlyCount "164"]
[EventDate "2020.10.01"]
[EventType "team-tourn"]
[EventCountry "ESP"]
[SourceTitle "playchess.com"]
[Source "ChessBase"]
[SourceQuality "1"]

{[%evp 19,164,23,34,35,27,27,48,39,37,0,7,4,11,0,0,0,0,0,0,0,10,6,18,8,8,4,8,2,2,-22,-22,-22,-28,-34,-23,-27,-34,-93,-93,-106,-106,-137,-11,-131,-137,-132,-130,-154,-135,-150,-101,-110,0,-126,-109,-108,-107,-104,-78,-154,-153,-158,-152,-150,-157,-154,-128,-137,-169,-169,-169,-168,-110,-110,-110,-110,-110,-110,-110,-110,-110,-103,-85,-94,-84,-143,-8,-10,0,0,0,-218,0,-287,-209,-80,-132,-414,-389,-1589,-1678,-1482,-1475,-4634,-4627,-29963,-29965,-29964,-29965,-5193,-12792,-5077,-4141,-29977,-29977,-29977,-29974,-29979,-29980,-29980,-29981,-29981,-29982,-29981,0,-29971,0,-29974,-29975,-29970,-29969,-6107,-3109,-29978,-29978,-29979,-29980,-29986,-29987,-29987,-29988,-29988,-29989,-29989,-29990,-29990,-29991]} 1. Nf3 Nf6 2. b3 g6 3. Bb2 Bg7 4. g3 d6 5. Bg2 O-O 6. O-O c5 7. c4 Nc6 8. Nc3 Rb8 9. d4 cxd4 10. Nxd4 Bd7 11. e4 {E60: King's Indian: Unusual lines and Fianchetto Variation without Nc3.} a6 12. Nd5 {[#]} Nxd4 $146 ({Predecessor:} 12... Nxd5 13. exd5 Nxd4 14. Bxd4 Bxd4 15. Qxd4 b5 16. Rfe1 bxc4 17. Qxc4 a5 18. Re3 Re8 {1-0 (28) Meijers,V (2472)-Stull,N (2096) Nickenich 2018}) 13. Bxd4 {White is slightly better.} Nxd5 14. cxd5 Bxd4 15. Qxd4 Qa5 16. e5 dxe5 17. Qxe5 Qb4 18. Rfe1 Rfe8 19. h4 Qd6 20. Qg5 Kg7 21. h5 Qf6 22. h6+ Kf8 $1 $132 {[%mdl 2048] Black is fighting back} 23. Qxf6 (23. Qd2 {looks sharper.} Rbc8 24. Rad1 Bg4 25. Rc1 Bd7 26. Red1) 23... exf6 24. Rxe8+ Kxe8 $11 {[%mdl 4096] Endgame KRB-KRB} 25. Re1+ Kd8 26. b4 Kc7 27. Re7 Rf8 $1 28. Bh3 (28. d6+ $15 Kxd6 29. Re3) 28... f5 $17 29. Bg2 Kd6 30. Re2 Re8 (30... Rc8 $17 31. Re1 Rc4) 31. Rb2 (31. Rxe8 $11 Bxe8 32. f4) 31... Re1+ 32. Kh2 Rc1 33. Kh3 Rc8 34. f4 Rg8 35. Bf3 Rc8 (35... Re8 $17 36. Be2 Ba4) 36. Kh4 (36. Bg2 $1 $11 {was the only way to keep the balance.}) 36... f6 37. Kh3 Rc3 38. Kg2 Bb5 39. Be2 (39. Kf2 $142) 39... Ba4 $1 (39... Kxd5 40. Bf3+ Kd4 41. Bxb7 $15) 40. Kf2 Bc2 (40... Kxd5 41. Bf3+ Kd6 42. Bxb7 $11) 41. Bf3 Be4 42. Bg2 Kxd5 43. Rd2+ Ke6 $1 44. Re2 Rc4 $1 45. a3 {[#]} Kf7 (45... g5 $1 $19 46. Kf1 g4) 46. Rd2 Bxg2 47. Kxg2 {Black should prevent Rd7+. KR-KR} g5 48. Rd7+ Kg6 49. Rxb7 Rc2+ (49... Kxh6 50. Rb6 $11) 50. Kf1 Rc6 ({Much weaker is} 50... Kxh6 $6 51. Rb6 $15) 51. a4 Kxh6 52. a5 (52. Ke2 $142) 52... Rc1+ ({Black should try} 52... gxf4 $17 53. gxf4 Rc4) 53. Ke2 $11 Kh5 54. Rxh7+ Kg4 55. Rg7 $2 {[#]} (55. Rf7 $11) 55... Rc2+ $2 ({Weaker is} 55... Kxg3 56. fxg5 fxg5 57. Rxg5+ Kf4 58. Rg6 $11) (55... Rc3 $1 $19 56. Rg6 Rxg3 57. fxg5 fxg5 58. Rxa6 Rb3) 56. Ke1 $2 {[%mdl 8192]} (56. Kd3 $11 Rg2 57. fxg5 Rxg3+ 58. Kc2 Rg2+ 59. Kb3 fxg5 60. Rg6) 56... Rc3 $19 ({And not} 56... Kxg3 57. fxg5 fxg5 58. Rxg5+ Kf4 59. Rg6 $11) 57. Rg6 ({Better is} 57. Kd1 $19 Rxg3 58. Kc2) 57... Rxg3 $17 58. Rxf6 $2 {[%mdl 8192]} (58. fxg5 $17 fxg5 59. Rxa6) 58... Kxf4 $19 59. Rxa6 $2 (59. Kd2 g4 60. Kc2) 59... Rb3 60. Rb6 g4 61. Kd2 g3 62. Kc2 {[#]} g2 $1 {[%mdl 512]} 63. Kxb3 g1=Q {KQ-KR} 64. Rc6 Qd1+ 65. Kc4 Ke5 {( -> ...Qd5+)} 66. Kb5 Qd3+ 67. Kb6 Qd8+ 68. Kb7 Qe7+ 69. Ka8 Qxb4 70. a6 Qb5 71. Rh6 Qb4 72. Rc6 $1 Qb5 73. Rh6 Qe8+ 74. Kb7 Qf7+ 75. Kb6 Qf8 76. Rh7 f4 {Black mates.} 77. a7 f3 78. Rf7 Qxf7 79. a8=Q Qb3+ 80. Kc5 Qc3+ 81. Kb5 Qd3+ 82. Kc5 Qd4+ {Accuracy: White = 61%, Black = 80%.} 0-1

[Event "ESP-chT 1st Division 2020"]
[Site "Padron"]
[Date "2020.10.08"]
[Round "6.16"]
[White "Hernando Rodrigo, Jose Maria"]
[Black "Gomez Dieguez, David"]
[Result "0-1"]
[WhiteElo "2311"]
[BlackElo "2261"]
[Annotator "TA"]
[PlyCount "64"]
[EventDate "2020.10.01"]
[EventType "team-tourn"]
[EventCountry "ESP"]
[SourceTitle "playchess.com"]
[Source "ChessBase"]
[SourceQuality "1"]

{[%evp 12,64,-59,-59,-59,-60,-60,-62,-68,-58,-71,-76,-34,-33,0,0,0,-187,-175,-189,-189,-233,-233,-814,-814,-805,-775,-886,-799,-791,-790,-866,-808,-995,-982,-958,-965,-1119,-1104,-1094,-1047,-1043,-1035,-1187,-1165,-1547,-1518,-2153,-1998,-1878,-1341,-29983,-29983,-29998,-29999]} 1. d4 Nf6 2. c4 e6 3. Nc3 Bb4 4. e3 b6 5. Bd3 Bb7 6. Nge2 Bxg2 7. Rg1 Bf3 {E43: Nimzo-Indian: Rubinstein: 4...b6.} 8. Qc2 {The main line 8.Qc2 scores better than 8.Rxg7.} g6 9. a3 Bxe2 {[#] Black is slightly better.} 10. Bxe2 $146 ({Predecessor:} 10. Qxe2 Bxc3+ 11. bxc3 d6 12. e4 e5 13. c5 bxc5 14. dxe5 dxe5 15. Bh6 c6 16. Qf3 {½-½ (81) Agrest,E (2475)-Wedberg,T (2455) Stockholm 1995}) 10... Bxc3+ $1 11. bxc3 d6 12. e4 e5 13. Bh6 $1 Qe7 14. dxe5 $2 {White is on the road to losing.} (14. c5 $11) 14... Qxe5 $19 15. O-O-O {[#] Strongly threatening f4.} Nbd7 $1 16. Bf3 O-O-O ({Stronger than} 16... Qxh2 17. Be3 $16) 17. Rg5 $2 (17. Kb2) 17... Qf4+ 18. Kb2 Qxf3 19. Rd4 Rhe8 20. Rg3 Qh5 21. Be3 Qxh2 22. c5 Nxc5 23. Rf3 Ng4 24. Bf4 Qh1 25. Rg3 Ne5 26. Bg5 Rd7 27. f3 Qf1 28. Ka2 Nxf3 29. Be3 Nxd4 30. cxd4 {[#]} Qd3 $1 31. Qc1 Rxe4 32. Qh1 Qc2+ {Accuracy: White = 55%, Black = 83%.} 0-1

[Event "ESP-chT 1st Division 2020"]
[Site "Padron"]
[Date "2020.10.08"]
[Round "6.17"]
[White "Hernandez Estevez, Yudania"]
[Black "Korneev Leskova, Svyatoslav"]
[Result "0-1"]
[WhiteElo "2197"]
[BlackElo "2170"]
[Annotator "TA"]
[PlyCount "60"]
[EventDate "2020.10.01"]
[EventType "team-tourn"]
[EventCountry "ESP"]
[SourceTitle "playchess.com"]
[Source "ChessBase"]
[SourceQuality "1"]

{[%evp 12,60,6,14,18,7,19,12,24,14,22,-10,-10,-10,-13,-27,-31,-21,-4,-18,0,-20,0,-29,-33,-62,-69,-88,-75,-105,-97,-123,-71,-622,-623,-621,-622,-602,-594,-761,-767,-755,-753,-725,-649,-1736,-1861,-1683,-1677,-1317,-1308]} 1. e4 e6 2. d4 d5 3. Nd2 c5 4. exd5 Qxd5 5. dxc5 Nf6 6. Ngf3 Bxc5 7. Bc4 Qc6 {C07: French Tarrasch: 3...c5, 4 Ngf3 and 4 exd5 Qxd5.} 8. Qe2 {Threatens to win with Bb5.} a6 9. Nb3 Bd6 {The position is equal.} 10. Bg5 b5 11. Bd3 {Hoping for Bxf6.} (11. Bxf6 $5 gxf6 12. Bd3 $11) 11... Nbd7 12. O-O O-O {[#]} 13. a4 $146 {[%cal Ra4b5]} ({Predecessor:} 13. Rad1 Re8 14. Rfe1 Qc7 15. Bh4 Bb7 16. Bg3 Bxg3 17. hxg3 e5 18. Bf5 e4 19. Ng5 {0-1 (48) Can,E (2600)-Vitiugov,N (2747) Moscow 2019}) 13... b4 14. Na5 Qc7 15. Nc4 Bf4 16. Rfe1 Bb7 17. Bxf6 Nxf6 18. Nfe5 Rad8 19. Nd2 a5 20. Ndf3 Rd5 21. b3 Rfd8 ({Better is} 21... Rc5 22. Rad1 Ba8) 22. g3 $2 {[%mdl 8192]} (22. Rad1 $17) 22... Bxe5 $19 {[%mdl 64] Remove Defender. Black is clearly winning.} 23. Nxe5 {[#]} Rxe5 $1 {[%mdl 576] Remove Defender} 24. Qxe5 Qc6 {[%csl Gb7][%cal Rc6h1]} 25. Kf1 Qg2+ 26. Ke2 {[#]} Bf3+ $1 27. Kd2 Qxf2+ 28. Re2 Bxe2 29. Qxe2 Ne4+ 30. Kc1 Qg1+ {Black took control after the opening. Accuracy: White = 48%, Black = 96%.} 0-1

[Event "ESP-chT 1st Division 2020"]
[Site "Padron"]
[Date "2020.10.08"]
[Round "6.18"]
[White "San Juan Morigosa, Isaura"]
[Black "Gomez Carreno, Martin"]
[Result "0-1"]
[WhiteElo "1766"]
[BlackElo "2051"]
[Annotator "TA"]
[PlyCount "54"]
[EventDate "2020.10.01"]
[EventType "team-tourn"]
[EventCountry "ESP"]
[SourceTitle "playchess.com"]
[Source "ChessBase"]
[SourceQuality "1"]

{[%evp 10,54,1,0,-13,-11,-5,-6,-1,-38,-35,-74,-25,-82,-96,-87,-64,-91,-95,-212,-215,-212,-229,-242,-255,-230,-217,-224,-234,-444,-426,-434,-436,-479,-483,-541,-534,-575,-557,-659,-483,-511,-518,-1331,-1252,-1533,-1496]} 1. d4 Nf6 2. c4 e6 3. Nc3 Bb4 4. Qc2 O-O 5. Bd2 d5 6. e3 b6 {E46: Nimzo-Indian: Rubinstein: 4 e3 0-0 5 Ne2 without early Bd3.} 7. a3 Bxc3 8. Bxc3 Bb7 {The position is equal.} 9. f3 Nbd7 10. O-O-O Rc8 11. g4 (11. c5 $11 {remains equal.}) 11... dxc4 $17 {[#]} 12. e4 $146 ({Predecessor:} 12. h4 Qe7 13. Bxc4 c5 14. Rf1 a5 15. h5 cxd4 16. exd4 Rxc4 17. g5 Nd5 18. Qe2 {0-1 (25) Hajdinjak,M (1371)-Brank,Z (1752) Nova Gorica 2017}) 12... Qe7 13. h4 c5 14. h5 (14. g5 $17 {might work better.} Nh5 15. Ne2) 14... cxd4 $19 15. Rxd4 {[#]} Nc5 $1 16. Kb1 e5 17. Rxc4 a5 18. g5 Nfd7 19. b4 $2 (19. Nh3 {was necessary.}) 19... b5 {Black is clearly winning.} 20. bxc5 {Black should prevent c6.} bxc4 21. g6 Qxc5 22. h6 fxg6 23. hxg7 Rf7 24. Bh3 Rxg7 25. Be6+ Kh8 {...Qb6+ is the strong threat.} 26. Qb2 {[#]} (26. Ka2 $142 Rc6 27. Bxd7 Rxd7 28. Ne2) 26... Bxe4+ $1 27. Ka1 (27. fxe4 Rb8) 27... Rb8 {Accuracy: White = 30%, Black = 89%.} 0-1

[Event "ESP-chT 1st Division 2020"]
[Site "Padron"]
[Date "2020.10.08"]
[Round "6.19"]
[White "Alsina Leal, Daniel"]
[Black "Suarez Gomez, Julio"]
[Result "1/2-1/2"]
[WhiteElo "2494"]
[BlackElo "2426"]
[Annotator "TA"]
[PlyCount "73"]
[EventDate "2020.10.01"]
[EventType "team-tourn"]
[EventCountry "ESP"]
[SourceTitle "playchess.com"]
[Source "ChessBase"]
[SourceQuality "1"]

{[%evp 10,73,16,2,26,38,41,-14,0,-9,-15,-15,0,0,0,-11,-10,0,-2,-22,-16,-67,0,-7,0,-61,-61,-47,-58,-66,-61,-60,-52,-117,-113,-119,-114,-115,-112,-92,152,157,283,277,259,159,227,151,146,112,98,102,112,38,39,25,81,29,30,8,10,0,31,0,7,0]} 1. e4 e6 2. d4 d5 3. Nc3 Bb4 4. exd5 exd5 5. Bd3 Nf6 6. a3 Bd6 {C01: French: Exchange Variation.} (6... Bxc3+ $5 7. bxc3 O-O $11) 7. Bg5 c6 8. h3 (8. Qe2+ $14 Be6 9. Bf5) 8... O-O 9. Qf3 Nbd7 10. Nge2 Re8 11. O-O {[#]} h6 $146 ({Predecessor:} 11... Qc7 12. Rae1 b6 13. Ng3 Rxe1 14. Rxe1 h6 15. Bd2 Bb7 16. Nh5 Nxh5 17. Qxh5 Nf8 {0-1 (38) Selimovic,A (1808)-Sestic,N (2123) Lukavac 2012}) 12. Bh4 Be7 13. Bg3 Nf8 14. Be5 N6d7 15. Qh5 (15. Bh2 $11) 15... Nf6 (15... Nxe5 $15 16. dxe5 g6) 16. Qf3 $11 N6d7 17. Rae1 (17. Qh5 $11) 17... Nxe5 $15 18. dxe5 Bg5 19. Nf4 Qc7 20. Nh5 {Black should prevent Qg3.} Ng6 ({Stronger than} 20... Rxe5 21. Qg3 $16) 21. Qd1 {[#]} ({White should play} 21. Qg3 $1 $15 Qb6 22. Bxg6 fxg6 23. h4) 21... Nf4 $1 $17 ({Of course not} 21... Rxe5 $6 22. Rxe5 Nxe5 23. f4 $11) 22. Kh1 Bd7 23. h4 Nxd3 24. Qxd3 {Strongly threatening Qg3.} Bxh4 $2 (24... Bd8 $17 {stays on course.} 25. Qg3 g6) 25. Qd4 $16 {Threatens to win with e6.} Be7 (25... f6 $16) 26. e6 $1 $18 {[%csl Gh5][%cal Rd4g7]} Bf8 27. exd7 Rxe1 (27... Qxd7 $16 {was worth a try.} 28. Ne4 {[%mdl 64] Pin} Kh8) 28. Rxe1 Qxd7 29. Ne4 Qf5 {[#]} 30. Neg3 $1 {[%cal Rg3f5]} Qxc2 31. b4 (31. Qe5 $16) 31... Qg6 $14 32. Nf4 Qg4 (32... Qc2 $11 {remains equal.}) 33. Qe5 (33. Ngh5 $16) 33... g6 $11 34. Qc7 Qc8 $1 {[%cal Rc8c7]} 35. Qe5 Qg4 36. Qc7 Qc8 $1 {[%cal Rc8c7]} 37. Qe5 {Black escapes into a draw. Accuracy: White = 57%, Black = 76%.} 1/2-1/2

[Event "ESP-chT 1st Division 2020"]
[Site "Padron"]
[Date "2020.10.08"]
[Round "6.20"]
[White "Reinaldo Castineira, Roi"]
[Black "Alonso Moyano, Jonathan"]
[Result "1-0"]
[WhiteElo "2469"]
[BlackElo "2334"]
[Annotator "TA"]
[PlyCount "87"]
[EventDate "2020.10.01"]
[EventType "team-tourn"]
[EventCountry "ESP"]
[SourceTitle "playchess.com"]
[Source "ChessBase"]
[SourceQuality "1"]

{[%evp 11,87,0,11,10,13,31,25,0,22,0,-8,-17,15,-14,36,10,23,20,37,0,16,0,0,29,38,22,127,114,90,112,163,146,216,217,208,228,325,320,332,314,327,313,379,389,392,367,664,666,660,652,547,299,379,352,333,267,269,264,481,457,400,397,950,946,913,886,889,890,860,808,1842,1820,2281,2075,2096,1846,2216,1670]} 1. c4 e5 2. g3 Nf6 3. Bg2 d5 4. cxd5 Nxd5 5. Nf3 Nc6 6. O-O Nb6 7. b3 {A20: English Opening: 1...e5.} Be6 {now scores much better than the old 7...Be7. Played by Hikaru Nakamura in August 2020.} 8. Bb2 f6 9. Qc1 {White has an edge.} Qd7 10. Rd1 O-O-O 11. Nc3 {[%cal Bb1c3,Bc3e4,Be4c5][%mdl 32] [#]} Nd5 $146 ({Predecessor:} 11... h5 12. d4 Nxd4 13. Nxd4 exd4 14. a4 a6 15. a5 Na8 16. Na4 Qb5 17. Rxd4 Rxd4 18. Bxd4 {1-0 (62) Pantsulaia,L (2611)-Arutinian,D (2552) Tbilisi 2019}) 12. Ne4 Qe8 13. a3 (13. d4 $5 {[%cal Rd4e5]}) 13... Kb8 14. b4 Bc8 15. Qc4 Nb6 16. Qc2 f5 17. Nc5 $1 e4 18. Ne1 Nd4 (18... h5 $11 {remains equal.}) 19. Bxd4 $1 $16 Rxd4 20. d3 exd3 (20... h5 $16) 21. Nexd3 $18 (21. Rxd3 $6 Rc4 $11) (21. Ncxd3 $6 Be7 $14) 21... Bd6 (21... f4 $16) 22. e3 Rc4 23. Qb3 Be5 (23... Qg8 $142 24. a4 Rg4) 24. Rac1 Rxc1 25. Rxc1 (25. Nxc1 Qg8 $14) 25... Bd6 26. a4 Qg8 {With the idea ...Qxb3.} 27. Qc2 Nd5 28. b5 {[%cal Bb4b5,Bb5a6][%mdl 32]} b6 $2 (28... h5 29. a5 Ne7) 29. Na6+ Bxa6 30. bxa6 {Strongly threatening Qc6.} Ne7 31. Nb4 c5 32. Qd1 Qe6 33. Nd5 (33. Qf3 Qe4 $18) 33... Nxd5 34. Bxd5 Qe7 $2 (34... Qd7 {was worth a try.} 35. Bg2 Qe6) 35. Bg2 Qe6 {[#]} 36. a5 $1 {[%mdl 512] aiming for axb6.} b5 $2 (36... Bc7 37. Qf3 Qe4) (36... bxa5 37. Bd5) 37. Qf3 {[%csl Ga6,Gg2][%cal Rf3b7] White is clearly winning.} Qe4 38. Qe2 Qe8 {[#]} 39. Qd3 $1 {[%mdl 576] Double Attack} Kc7 40. Qd5 Kd7 41. Rd1 Qe7 42. Qxf5+ Qe6 43. Qxc5 {[%mdl 64] Double Attack} Rc8 {[#]} 44. Rxd6+ $1 {Accuracy: White = 83%, Black = 43%.} 1-0

[Event "ESP-chT 1st Division 2020"]
[Site "Padron"]
[Date "2020.10.08"]
[Round "6.21"]
[White "Hernandez, Cristian Andres"]
[Black "Laiz Ibanez, Hector"]
[Result "1-0"]
[WhiteElo "2320"]
[BlackElo "2318"]
[Annotator "TA"]
[PlyCount "49"]
[EventDate "2020.10.01"]
[EventType "team-tourn"]
[EventCountry "ESP"]
[SourceTitle "playchess.com"]
[Source "ChessBase"]
[SourceQuality "1"]

{[%evp 17,49,15,9,-7,25,6,44,46,49,16,41,28,49,40,70,67,68,62,78,49,132,111,120,111,141,133,251,264,276,274,948,966,29988,29989]} 1. e4 e6 2. d4 d5 3. Nc3 Nf6 4. Bg5 dxe4 5. Nxe4 Be7 6. Bxf6 Bxf6 7. Nf3 Nd7 8. Qd2 Be7 9. O-O-O O-O 10. Qc3 {[#] 10.h4 is a critical line. C13: French: Classical System: 4 Bg5 Be7, Alekhine-Chatard Attack.} c6 $146 ({Predecessor:} 10... Nf6 11. Nxf6+ Bxf6 12. Bd3 Qd6 13. Kb1 Bd7 14. Ne5 Rfd8 15. Be4 Be8 16. f4 c6 17. g4 g6 {1-0 (36) Halkias,S (2541)-Jianu,V (2563) Alba Iulia 2016}) 11. Ne5 Nf6 (11... Nb6 {keeps more tension.} 12. Qe1 f6 13. Nf3 Nd5 14. c4 Nc7) 12. Nxf6+ {White is slightly better.} Bxf6 13. Bc4 Qd6 14. f4 a5 15. Kb1 Rd8 16. Be2 Bd7 17. g4 Be8 18. g5 Be7 ({Black should try} 18... Bxe5 $1 $14 19. dxe5 (19. fxe5 Qb4 $14) 19... Qc7) 19. h4 $16 a4 20. h5 a3 21. h6 {[#] Strongly threatening hxg7.} axb2 (21... g6 $16) 22. hxg7 $18 {Threatening mate with Qh3.} ({Weaker is} 22. Qxb2 Ra4 $11) 22... Ra3 23. Qxb2 {aiming for c3.} b5 $2 (23... Qb4 24. Qxb4 Bxb4) 24. c3 {Threatens to win with Qc2.} Rda8 25. Qc2 {Black did not feel at home in the position after the opening. Accuracy: White = 85%, Black = 27%.} 1-0

[Event "ESP-chT 1st Division 2020"]
[Site "Padron"]
[Date "2020.10.08"]
[Round "6.22"]
[White "Abal Cores, Lucas"]
[Black "Perez Manas, Benjamin"]
[Result "1-0"]
[WhiteElo "2315"]
[BlackElo "2259"]
[Annotator "TA"]
[PlyCount "28"]
[EventDate "2020.10.01"]
[EventType "team-tourn"]
[EventCountry "ESP"]
[SourceTitle "playchess.com"]
[Source "ChessBase"]
[SourceQuality "1"]

{[%evp 19,28,11,32,0,41,43,65,58,43,10,123]} 1. e4 c6 2. c4 d5 3. exd5 cxd5 4. cxd5 Nf6 5. Nc3 Nxd5 6. Nf3 e6 7. d4 Be7 8. Bd3 O-O 9. O-O Nc6 10. Re1 Re8 {[#]} 11. Qe2 $146 {D42: Queen's Gambit Declined: Semi-Tarrasch: 5 cxd5 Nxd5 6 e3 Nc6 7 Bd3 .} ({Predecessor:} 11. a3 g6 12. Nxd5 exd5 13. h3 Bf6 14. Rxe8+ Qxe8 15. Be3 Be6 16. Rc1 Rc8 17. Qd2 Ne7 18. Bg5 Bxg5 19. Qxg5 Rxc1+ 20. Qxc1 Qc6 21. Qxc6 {½-½ (21) Pourramezanali,A (2496)-Mousavi,S (2475) Baku 2019}) 11... Ndb4 12. Be4 f5 13. Bxc6 Nxc6 14. Bf4 g5 (14... Nxd4 $11 15. Nxd4 Qxd4) 1-0

[Event "ESP-chT 1st Division 2020"]
[Site "Padron"]
[Date "2020.10.08"]
[Round "6.23"]
[White "Martinez Ramirez, Erik"]
[Black "Rodriguez Ferreiros, Andres"]
[Result "1-0"]
[WhiteElo "2231"]
[BlackElo "2133"]
[Annotator "TA"]
[PlyCount "69"]
[EventDate "2020.10.01"]
[EventType "team-tourn"]
[EventCountry "ESP"]
[SourceTitle "playchess.com"]
[Source "ChessBase"]
[SourceQuality "1"]

{[%evp 25,69,30,52,14,21,22,44,27,85,63,83,93,104,-21,-12,-7,-25,-26,0,0,0,0,81,80,106,35,45,13,8,-17,-17,-27,-20,-13,643,641,627,613,902,880,29980,29981,29987,29982,29975,29977]} 1. e4 c5 2. Nf3 Nc6 3. d4 cxd4 4. Nxd4 Nf6 5. Nc3 e5 6. Ndb5 d6 7. Bg5 a6 8. Na3 b5 9. Bxf6 gxf6 10. Nd5 f5 11. Bd3 Be6 12. O-O Bxd5 13. exd5 Ne7 $1 14. Re1 $1 {[%mdl 4] is currently scoring better than 14.c3. 14.c3 is not played anymore. B33: Sicilian: Pelikan and Sveshnikov Variations.} Bg7 15. c3 O-O 16. Nc2 {White is slightly better.} Rc8 (16... Qd7 $11) 17. a4 Rc5 18. Nb4 e4 {And now ...a5 would win.} 19. Bf1 (19. Nxa6 $16 exd3 20. Nxc5 dxc5 21. Qxd3) 19... a5 $11 20. Nc6 Nxc6 21. dxc6 b4 22. cxb4 axb4 23. Qb3 {[#]} Qb6 $146 (23... Qf6 $11 {keeps the balance.}) ({Predecessor:} 23... Rxc6 24. a5 Qc7 25. a6 Rc2 26. Re2 Rxe2 27. Bxe2 Qa7 28. Rd1 Be5 29. Qc4 Bxb2 30. Rxd6 {1-0 (36) Shabalov,A (2528)-Easton,J (2163) Las Vegas 2019}) 24. Bb5 $1 $16 Bd4 {Threatening ...Bxf2+!} 25. Qg3+ (25. Rf1 $16) 25... Kh8 $14 26. Qxd6 {[%cal Rd6f8]} Rd8 $1 $132 {[%cal Rd8d6][%mdl 2048] Black has counterplay} 27. a5 {[%cal Ba4a5,Ba5b6,Bb6b7][%mdl 32]} Bxf2+ {[%mdl 64] [#] Double Attack} ({Don't play} 27... Rxd6 $6 28. axb6 Rxb5 29. c7 $16) 28. Kh1 Rxd6 29. axb6 Bxe1 $4 {[%mdl 8192] Black cannot hold the game after this.} (29... Rxb5 $11 30. c7 Rc6) 30. b7 $18 Rd8 {[#] Hoping for ...Bc3.} 31. Ra8 $1 {[%mdl 512]} Bh4 {( -> ...Rc1+)} 32. g3 Rxb5 33. gxh4 {White mates.} Rbd5 34. Rxd8+ Rxd8 35. c7 {Accuracy: White = 54%, Black = 53%.} 1-0